| 000 | 01323nam a2200277Ia 4500 | ||
|---|---|---|---|
| 003 | OSt | ||
| 005 | 20200811162103.0 | ||
| 008 | 191128s2011 ck fr 000 0 s d | ||
| 020 | _a9789589863756 | ||
| 040 |
_aCO-JMCR _cCO-JMCR |
||
| 041 | 0 | _aspa | |
| 082 | 0 | 4 |
_a343.86104 / _bA141e _223 |
| 100 | 1 |
_aAbella Mancera, María del Pilar, _eautora _98610 |
|
| 245 | 1 | 0 |
_aEstudios críticos de jurisprudencia tributaria / _cMaría del Pilar Abella Mancera, Julio Fernando Álvarez Rodríguez, Ana María Barbosa Rodríguez, [y otros 14] |
| 260 |
_aBogotá : _bInstituto Colombiano de Derecho Tributario, _c2011 |
||
| 300 |
_a467 páginas ; _c24 cm. |
||
| 504 | _aBibliografía al final de cada capítulo. | ||
| 505 | 0 | _aEl principio de reserva de ley tributaria y la autonomía de las entidades territoriales -- La temporalidad de las mormas tributarias -- El criterio comercial en la aceptación o rechazo de las expensas necesarias --Deducciones financieras y especiales | |
| 650 | 1 | 4 |
_aDerecho fiscal _zColombia _98409 |
| 650 | 1 | 4 |
_aImpuestos _vjurisprudencia _zColombia _98611 |
| 650 | 1 | 4 |
_aImpuestos _xlegislación _zColombia _98612 |
| 650 | 1 | 4 |
_aImpuestos _zColombia _98408 |
| 700 | 1 |
_aÁlvarez Rodríguez, Julio Fernando, _eautor _98613 |
|
| 700 | 1 |
_aBarbosa Rodríguez, Ana María, _eautor _98614 |
|
| 942 |
_2ddc _cBK |
||
| 999 |
_c3926 _d3926 |
||